Texas A-Z #2 - Statistics

General Stats
  • This quiz has been taken 20 times
  • The average score is 18 of 25
Answer Stats
Clue Answer % Correct
A State capital of Texas Austin
100%
L State large mammal (hint: cattle) Longhorn
100%
N Country music icon: Willie ______ Nelson
95%
W City where David Koresh met his end Waco
95%
I What 10, 20, 35, and 45 are Interstates
90%
B Southernmost city Brownsville
85%
C Legendary frontiersman who died at the Alamo Crockett
85%
M NBA team owned by Mark Cuban Mavericks
85%
E President born in Denison, TX Eisenhower
80%
J Neighboring city of El Paso Juárez
80%
O City southwest of Midland Odessa
80%
D Big tech company in Round Rock Dell
75%
P Dallas suburb with the Pizza Hut and Frito-Lay headquarters Plano
75%
U City of a major school shooting in 2022 Uvalde
75%
H Hurricane that hit Houston in 2017 Harvey
70%
Y What cowboys stereotypically say Yeehaw
70%
K Texas ranch larger than Rhode Island in area: ____ Ranch King
65%
R University where John F. Kennedy said "We choose to go to the Moon" Rice
65%
Z Located in Victoria: The Texas ___ Zoo
60%
Q Actor in "Frequency" and "Parent Trap" Quaid
55%
S Houston's nickname: _____ City Space
55%
V Gas company with stock symbol VLO Valero
50%
T River that flows past Dallas Trinity
30%
F State motto Friendship
25%
G Highest point: _________ Peak Guadalupe
25%
No matching quizzes found
Score Distribution
Percent of People with Each Score
Percentile by Number Answered
Your Score History
You have not taken this quiz